[Event "Speed Chess Championship 2020"]
[Site "Online"]
[Date "2020.11.16"]
[Round "1.21"]
[White "Artemiev, Vladislav"]
[Black "Giri, Anish"]
[Result "1/2-1/2"]
[WhiteElo "2708"]
[BlackElo "2764"]
[Annotator "ChessBase"]
[PlyCount "107"]
[EventDate "2020.10.31"]
[EventType "k.o."]
[EventCountry "NET"]
[SourceTitle "playchess.com"]
[Source "ChessBase"]
[SourceQuality "1"]
[TimeControl "60+1"]

1. b3 {[%emt 0:00:01]} d5 {[%emt 0:00:01]} 2. Bb2 {[%emt 0:00:00]} Bf5 {[%emt 0:00:00]} 3. Nf3 {[%emt 0:00:01]} e6 {[%emt 0:00:01]} 4. g3 {[%emt 0:00:00]} Nf6 {[%emt 0:00:02]} 5. Bg2 {[%emt 0:00:00]} h6 {[%emt 0:00:00]} 6. O-O {[%emt 0:00:01]} Be7 {[%emt 0:00:01]} 7. c4 {[%emt 0:00:00]} c6 {[%emt 0:00:01]} 8. d3 {[%emt 0:00:01]} O-O {[%emt 0:00:01]} 9. Nbd2 {[%emt 0:00:00]} Nbd7 {[%emt 0:00:01]} 10. a3 {[%emt 0:00:01]} a5 {[%emt 0:00:01]} 11. Qc2 {[%emt 0:00:00]} Re8 {[%emt 0:00:00]} 12. Bc3 {[%emt 0:00:02]} Bd6 {[%emt 0:00:04]} 13. b4 {[%emt 0:00:04]} axb4 {[%emt 0:00:05]} 14. axb4 {[%emt 0:00:01]} e5 {[%emt 0:00:03]} 15. e4 {[%emt 0:00:02]} Bh7 {[%emt 0:00:06]} 16. Rxa8 {[%emt 0:00:02]} Qxa8 {[%emt 0:00:01]} 17. Ra1 {[%emt 0:00:01]} Qb8 {[%emt 0:00:02]} 18. cxd5 {[%emt 0:00:22]} cxd5 {[%emt 0:00:01]} 19. exd5 {[%emt 0:00:01]} Nxd5 {[%emt 0:00:02]} 20. Qb3 {[%emt 0:00:00]} Nxc3 {[%emt 0:00:04]} 21. Qxc3 {[%emt 0:00:01]} Nf6 {[%emt 0:00:05]} 22. Qb3 {[%emt 0:00:01]} e4 {[%emt 0:00:02]} 23. dxe4 {[%emt 0:00:01]} Nxe4 {[%emt 0:00:01]} 24. Nxe4 {[%emt 0:00:04]} Bxe4 {[%emt 0:00:00]} 25. Rd1 {[%emt 0:00:01]} Bf8 {[%emt 0:00:03]} 26. h3 {[%emt 0:00:00]} Qc7 {[%emt 0:00:03]} 27. Ne1 {[%emt 0:00:03]} b5 {[%emt 0:00:09]} 28. Bxe4 {[%emt 0:00:10]} Rxe4 {[%emt 0:00:01]} 29. Nd3 {[%emt 0:00:01]} Rd4 {[%emt 0:00:05]} 30. Re1 {[%emt 0:00:17]} Qc4 {[%emt 0:00:07]} 31. Qxc4 {[%emt 0:00:00]} bxc4 {[%emt 0:00:01]} 32. Ne5 {[%emt 0:00:00]} c3 {[%emt 0:00:03]} 33. Rc1 {[%emt 0:00:02]} f6 {[%emt 0:00:12]} 34. Nf3 {[%emt 0:00:09]} Rc4 {[%emt 0:00:01]} 35. b5 {[%emt 0:00:00]} Ba3 {[%emt 0:00:02]} 36. Rc2 {[%emt 0:00:01]} Bb2 {[%emt 0:00:00]} 37. Kf1 {[%emt 0:00:04]} Rb4 {[%emt 0:00:01]} 38. Ng1 {[%emt 0:00:01]} Rxb5 {[%emt 0:00:00]} 39. Ke2 {[%emt 0:00:00]} Rc5 {[%emt 0:00:01]} 40. Kd3 {[%emt 0:00:01]} Kf7 {[%emt 0:00:01]} 41. Ne2 {[%emt 0:00:00]} Ke6 {[%emt 0:00:03]} 42. Nxc3 {[%emt 0:00:01]} Bxc3 {[%emt 0:00:01]} 43. Rxc3 {[%emt 0:00:00]} Rxc3+ {[%emt 0:00:00]} 44. Kxc3 {[%emt 0:00:00]} Ke5 {[%emt 0:00:01]} 45. Kd3 {[%emt 0:00:01]} f5 {[%emt 0:00:01]} 46. Ke3 {[%emt 0:00:00]} g5 {[%emt 0:00:00]} 47. f4+ {[%emt 0:00:01]} gxf4+ {[%emt 0:00:01]} 48. gxf4+ {[%emt 0:00:00]} Kd5 {[%emt 0:00:01]} 49. Kd3 {[%emt 0:00:01]} h5 {[%emt 0:00:01]} 50. h4 {[%emt 0:00:00]} Kc5 {[%emt 0:00:01]} 51. Kc3 {[%emt 0:00:01]} Kd5 {[%emt 0:00:00]} 52. Kd3 {[%emt 0:00:00]} Kc5 {[%emt 0:00:00]} 53. Kc3 {[%emt 0:00:01]} Kd5 {[%emt 0:00:01]} 54. Kd3 {[%emt 0:00:00]} 1/2-1/2

[Event "Speed Chess Championship 2020"]
[Site "Online"]
[Date "2020.11.15"]
[Round "1.22"]
[White "Caruana, Fabiano"]
[Black "Duda, Jan-Krzysztof"]
[Result "1-0"]
[WhiteElo "2823"]
[BlackElo "2743"]
[Annotator "TA"]
[PlyCount "101"]
[EventDate "2020.10.31"]
[EventType "k.o."]
[EventCountry "NET"]
[SourceTitle "playchess.com"]
[Source "ChessBase"]
[SourceQuality "1"]

{[%evp 16,101,21,7,14,0,0,0,0,0,0,-18,-33,-22,16,13,13,0,7,16,34,39,34,42,29,0,0,0,-4,-64,-57,-94,-87,-163,-147,-305,-157,-158,-43,-73,-56,-39,0,0,105,0,40,0,168,137,136,125,137,130,150,137,270,263,310,192,208,29,47,0,0,0,0,0,0,0,0,-8,0,0,154,0,0,0,0,-7,8,0,50,50,50,51,29990,29991]} 1. e4 e5 2. Nc3 Nf6 3. Nf3 Nc6 4. Bb5 Bb4 5. d3 Bxc3+ 6. bxc3 d6 7. O-O O-O 8. h3 h6 9. Re1 a6 {C49: Four Knights: 4 Bb5 Bb4.} 10. Bc4 {[#]} Na5 $146 ({Predecessor:} 10... b5 11. Bb3 d5 12. Bd2 dxe4 13. dxe4 b4 14. cxb4 Nd4 15. Nxe5 Nxb3 16. axb3 Re8 17. Bf4 Qxd1 18. Raxd1 a5 19. Rd4 axb4 20. Rxb4 {0-1 (41) Van Niekerk,R-Patel,C Port Elizabeth 2005}) 11. Bb3 c5 {The position is equal.} 12. c4 b5 13. cxb5 (13. Bd2 {feels hotter.} Be6 14. Rb1 Re8 15. Nh4 Ra7 16. Qf3) 13... axb5 14. Bd2 c4 15. Bxa5 Rxa5 16. dxc4 bxc4 17. Bxc4 Qc7 18. Bb3 Bb7 19. Nd2 Rc5 20. Re3 d5 21. exd5 Nxd5 22. Rg3 (22. Bxd5 $11 Rxd5 23. c4) 22... Nf4 $1 $15 {[%mdl 1024] Black has compensation.} 23. Qg4 {[%csl Gg3][%cal Rg4g7]} g6 $1 24. Re1 (24. Qd1 $17 {was worth a try.}) 24... Kh7 25. Nf3 $2 {[#]} (25. Nf1 $17) 25... f5 ({Weaker is} 25... Nh5 26. Nxe5 Rxe5 27. Rxe5 $11) (25... Bc8 $1 $19 {[%cal Rc8g4]} 26. Qh4 f6) 26. Qh4 $17 Bxf3 (26... Nh5 27. c3 $17) (26... Kg7 $17 27. Kh1 Rf6) 27. Rxf3 $15 g5 28. Qg3 Qa5 29. Rfe3 Ng6 (29... Rd8 $11) 30. R3e2 (30. Rd1 $16) 30... e4 31. Qd6 (31. Rd1 {keeps more tension.} Nf4 32. Kh2 Kg6 33. Ree1 Rc3 34. Re3) 31... Qc7 $2 (31... Rd8 $1 $11 {and Black stays safe.} 32. Qf6 Qc7) 32. Qxc7+ Rxc7 33. Rd2 Rf6 34. a4 h5 35. Red1 g4 (35... Nf4 $16 {is a better defense.} 36. Rd8 Ra6) 36. hxg4 $18 hxg4 37. g3 f4 38. gxf4 $2 (38. Rd7+ $18 Rxd7 39. Rxd7+ Kh6 40. gxf4) 38... Nxf4 $11 39. Rd7+ Rxd7 40. Rxd7+ {[%mdl 4096] Endgame KRB-KRN} Kg6 {White must now prevent ...Nh3+.} 41. Rd2 Kg5 42. Bc4 Nh3+ 43. Kg2 Kh4 44. a5 {[%cal Ba4a5,Ba5a6,Ba6a7][%mdl 32] Hoping for a6.} Nf4+ $2 {[#]} (44... Rf3 $11) 45. Kf1 $2 ({Only move:} 45. Kh2 $1 $16 {a6 is the strong threat.} Kg5 46. Rd7) 45... g3 46. fxg3+ Kxg3 47. a6 {aiming for a7.} e3 48. Rd8 Rh6 {[%cal Rh6h1]} ({But not} 48... Ne6+ $2 49. Ke1 $18) 49. Rg8+ Kf3 {( -> ...Rb6)} 50. a7 e2+ $2 {[%mdl 8192] [#]} (50... Rh1+ $14 51. Rg1 Rh8) 51. Bxe2+ $1 {[%mdl 512] Both players deserved the win here.  Weighted Error Value: White=0.33/Black=0.54} 1-0

[Event "Speed Chess Championship 2020"]
[Site "Online"]
[Date "2020.11.11"]
[Round "1.22"]
[White "Aronian, Levon"]
[Black "Nepomniachtchi, Ian"]
[Result "1-0"]
[WhiteElo "2781"]
[BlackElo "2784"]
[Annotator "ChessBase"]
[PlyCount "83"]
[EventDate "2020.10.31"]
[EventType "k.o."]
[SourceTitle "playchess.com"]
[Source "ChessBase"]
[SourceQuality "1"]
[TimeControl "60+1"]

1. e4 {[%emt 0:00:01]} e6 {[%emt 0:00:01]} 2. d4 {[%emt 0:00:01]} d5 {[%emt 0:00:00]} 3. Nc3 {[%emt 0:00:00]} Bb4 {[%emt 0:00:00]} 4. Bd3 {[%emt 0:00:01]} Ne7 {[%emt 0:00:00]} 5. Nge2 {[%emt 0:00:04]} c5 {[%emt 0:00:01]} 6. exd5 {[%emt 0:00:06]} exd5 {[%emt 0:00:01]} 7. dxc5 {[%emt 0:00:04]} Nbc6 {[%emt 0:00:01]} 8. O-O {[%emt 0:00:02]} Bxc5 {[%emt 0:00:01]} 9. Bg5 {[%emt 0:00:01]} h6 {[%emt 0:00:01]} 10. Bh4 {[%emt 0:00:01]} Bg4 {[%emt 0:00:00]} 11. Qd2 {[%emt 0:00:03]} O-O {[%emt 0:00:01]} 12. h3 {[%emt 0:00:01]} Bh5 {[%emt 0:00:01]} 13. Nf4 {[%emt 0:00:03]} Bg6 {[%emt 0:00:15]} 14. Bxg6 {[%emt 0:00:01]} fxg6 {[%emt 0:00:00]} 15. Nxg6 {[%emt 0:00:00]} Rf7 {[%emt 0:00:03]} 16. Bxe7 {[%emt 0:00:02]} Nxe7 {[%emt 0:00:01]} 17. Nxe7+ {[%emt 0:00:01]} Rxe7 {[%emt 0:00:02]} 18. Nxd5 {[%emt 0:00:04]} Re5 {[%emt 0:00:01]} 19. c4 {[%emt 0:00:02]} Qh4 {[%emt 0:00:01]} 20. Rae1 {[%emt 0:00:14]} Rxe1 {[%emt 0:00:03]} 21. Rxe1 {[%emt 0:00:00]} Rf8 {[%emt 0:00:00]} 22. Ne3 {[%emt 0:00:03]} Kh8 {[%emt 0:00:03]} 23. Re2 {[%emt 0:00:09]} Qf4 {[%emt 0:00:04]} 24. b3 {[%emt 0:00:04]} Qe4 {[%emt 0:00:04]} 25. Qc2 {[%emt 0:00:03]} Qe5 {[%emt 0:00:02]} 26. g3 {[%emt 0:00:03]} Qf6 {[%emt 0:00:11]} 27. Qe4 {[%emt 0:00:04]} Qf7 {[%emt 0:00:03]} 28. Kg2 {[%emt 0:00:03]} Re8 {[%emt 0:00:01]} 29. Qf3 {[%emt 0:00:00]} Qe7 {[%emt 0:00:00]} 30. Rd2 {[%emt 0:00:02]} Rf8 {[%emt 0:00:01]} 31. Qe2 {[%emt 0:00:05]} Qe4+ {[%emt 0:00:01]} 32. Kh2 {[%emt 0:00:01]} Re8 {[%emt 0:00:03]} 33. Qd3 {[%emt 0:00:01]} Qe6 {[%emt 0:00:04]} 34. Ng2 {[%emt 0:00:01]} Qf7 {[%emt 0:00:04]} 35. Nf4 {[%emt 0:00:01]} g5 {[%emt 0:00:01]} 36. Nd5 {[%emt 0:00:02]} Bxf2 {[%emt 0:00:02]} 37. Qc3+ {[%emt 0:00:00]} Kh7 {[%emt 0:00:06]} 38. Nf6+ {[%emt 0:00:01]} Kg6 {[%emt 0:00:00]} 39. Rxf2 {[%emt 0:00:00]} Re6 {[%emt 0:00:02]} 40. Qd3+ {[%emt 0:00:01]} Kg7 {[%emt 0:00:01]} 41. Qh7+ {[%emt 0:00:01]} Kf8 {[%emt 0:00:01]} 42. Nd7+ {[%emt 0:00:00]} 1-0

[Event "Speed Chess Championship 2020"]
[Site "Online"]
[Date "2020.11.16"]
[Round "1.22"]
[White "Giri, Anish"]
[Black "Artemiev, Vladislav"]
[Result "0-1"]
[WhiteElo "2764"]
[BlackElo "2708"]
[Annotator "TA"]
[PlyCount "66"]
[EventDate "2020.10.31"]
[EventType "k.o."]
[EventCountry "NET"]
[SourceTitle "playchess.com"]
[Source "ChessBase"]
[SourceQuality "1"]

{[%evp 11,66,19,26,18,19,22,46,43,43,39,54,50,22,19,36,14,91,0,5,28,25,27,30,-18,0,-2,163,72,63,45,82,46,125,106,156,41,212,204,629,71,77,69,99,109,109,55,100,62,50,-619,-617,-592,-608,-1296,-1214,-29989,-29988]} 1. e4 c5 2. Nf3 e6 3. d4 cxd4 4. Nxd4 Nc6 5. Nc3 a6 6. Nxc6 bxc6 7. Qd3 {B46: Sicilian: Taimanov: 5 Nc3 a6.} d5 8. Qg3 {[#]} Ne7 $146 ({Predecessor:} 8... Nf6 9. Be2 g6 10. O-O Bg7 11. Bg5 h6 12. Bf4 Qb6 13. Bc7 Qxb2 14. Rab1 Qa3 {0-1 (28) Karjakin,S (2752)-Artemiev,V (2716) chess.com INT 2020}) 9. h4 {White is slightly better.} dxe4 10. Nxe4 Nf5 $1 {[%cal Rf5g3]} 11. Qf4 c5 12. Bd3 Bb7 13. h5 Qd4 (13... Be7 $11) 14. Rh3 (14. Be3 $16 Qxb2 15. O-O) 14... c4 15. c3 Qd5 16. Bc2 Be7 17. Qg4 O-O 18. Bg5 {Bxe7 is the strong threat.} Kh8 $2 (18... f6 $11 {and Black stays safe.} 19. Rd1 Qc6) 19. Bxe7 (19. Rd1 $18 Qe5 20. Bxe7 Nxe7 21. Rd7 Bxe4 22. Qxe4 Qxe4+ 23. Bxe4) 19... Nxe7 $16 20. h6 {[%csl Gh6][%cal Rg4g7]} g6 $1 21. Qh4 {Threatening mate with Qf6+.} f6 (21... Ng8 $1 $14) 22. Rd1 Nf5 {[#]} 23. Qf4 (23. Rxd5 Nxh4 24. Rd7 Nxg2+ 25. Kf1 Bd5 $16) ({White should play} 23. Qxf6+ $1 $16 {[%mdl 512]} Rxf6 24. Rxd5) 23... Qb5 $2 (23... e5 $14 24. Qd2 Rad8) 24. g4 $1 $18 {[%cal Rg4f5]} Ne7 $2 (24... Qxb2 $2 25. Nxf6 Rf7 26. gxf5 $18) (24... e5 25. Qd2 Ne7) 25. b4 $2 (25. Qc7 $18 Rae8 26. Rd7) 25... cxb3 $16 26. axb3 Nd5 27. Qd2 $1 {And now c4 would win.} Qb6 28. g5 (28. c4 $16) 28... fxg5 29. Nxg5 Nf4 30. Rf3 $2 {[%mdl 8192]} ({But not} 30. Qd7 $2 {[#]} Nd3+ $1 {[%mdl 512]} 31. Ke2 Rxf2+ 32. Kxd3 Rd8 $1 $19 {[%mdl 512]}) (30. Rg3 $14) 30... Bxf3 $19 31. Nxf3 Rad8 32. Nd4 e5 33. Qe3 Ng2+ {[%mdl 64] Double Attack. What a bad dream for White.  Weighted Error Value: White=0.96/Black=0.56} 0-1

[Event "Speed Chess Championship 2020"]
[Site "Online"]
[Date "2020.11.04"]
[Round "1.22"]
[White "Fedoseev, Vladimir"]
[Black "Firouzja, Alireza"]
[Result "1-0"]
[WhiteElo "2676"]
[BlackElo "2749"]
[Annotator "TA"]
[PlyCount "107"]
[EventDate "2020.10.31"]
[EventType "k.o."]
[SourceTitle "playchess.com"]
[Source "ChessBase"]
[SourceQuality "1"]

{[%evp 18,106,22,29,42,13,11,7,8,9,10,10,10,12,15,13,18,8,19,-12,3,0,0,0,9,0,4,0,0,0,0,0,0,4,14,14,14,0,159,177,188,168,564,569,2065,323,1072,1064,1103,1082,1023,735,726,725,1094,993,928,803,786,778,1048,1031,843,810,1328,1081,2097,1681,29959,29953,7404,6490,1882,1722,29971,29974,29949,1823,1254,903,873,775,927,927,29965,29968,29981,29982,29994,29992,29999]} 1. e4 c6 2. d4 d5 3. exd5 cxd5 4. Bd3 Nc6 5. c3 Nf6 6. Bf4 Bg4 7. Qb3 Na5 8. Qa4+ Bd7 9. Qc2 Qb6 {9...g6 is vanishing.} 10. Nf3 e6 {B13: Caro-Kann: Exchange Variation and Panov-Botvinnik Attack.} 11. Nbd2 Bb5 12. Ne5 $5 {[%mdl 4] Exploring less charted territory.} Be7 {The position is equal.} 13. O-O Bxd3 14. Nxd3 O-O 15. Rfe1 Rac8 16. Nf3 Ne4 {[#]} 17. h4 $146 ({Predecessor:} 17. Qe2 Qa6 18. Nfe5 Nc4 19. f3 Nxe5 20. Bxe5 Nd6 21. a3 Nf5 22. Rad1 Rfe8 23. Qd2 {0-1 (60) Poulsen,C-Opocensky,K Buenos Aires 1939}) 17... Nc4 18. Re2 Bd6 19. Rae1 Bxf4 20. Nxf4 Qd6 21. g3 h6 22. Kg2 b5 23. a3 a5 24. Nd3 Rc7 25. Nfe5 Rfc8 26. f3 Nf6 27. g4 Nd7 $2 {[#] Black is on the road to losing.} (27... b4 $11 28. axb4 axb4) 28. Nxf7 $1 $16 {[%mdl 512]} Kxf7 29. Rxe6 Qf8 $2 {[#]} (29... Qxe6 {is more resistant.} 30. Rxe6 Kxe6 31. Nf4+ Kd6 32. Qg6+ Nf6) 30. Nf4 $1 $18 {And now Rxh6! would win.} Ndb6 31. Qg6+ Kg8 {Black wants to play ...Rf7.} 32. Re8 Rf7 33. Rxf8+ Rcxf8 34. Nh5 Nc8 35. f4 N8d6 36. f5 Ne4 37. Rxe4 dxe4 38. f6 Ne3+ 39. Kg3 Nf1+ 40. Kh3 Ne3 41. Qxe4 Nc4 42. Qg6 Nd6 43. g5 hxg5 44. hxg5 Ne8 45. fxg7 Rf3+ 46. Kg4 R8f7 {[#]} 47. Qe6 (47. Qc6 $142 $1 Nxg7 48. Nf6+ R3xf6 49. gxf6 Kf8 50. fxg7+ Rxg7+ 51. Kf5 Rf7+ 52. Ke6 Re7+ 53. Kd6) 47... Nxg7 48. Qc8+ Rf8 49. Qc6 Nxh5 50. Kxh5 R3f7 51. g6 {White mates.} Rf1 52. Kh6 R8f6 53. Qd5+ Kf8 54. Qd8# {Av CentiPawn Loss W=-47/B=482. Weighted=-129/79} 1-0

[Event "Speed Chess Championship 2020"]
[Site "Online"]
[Date "2020.11.04"]
[Round "1.22"]
[White "Maghsoodloo, Parham"]
[Black "Carlsen, Magnus"]
[Result "1-0"]
[WhiteElo "2676"]
[BlackElo "2862"]
[Annotator "TA"]
[PlyCount "101"]
[EventDate "2020.10.31"]
[EventType "k.o."]
[SourceTitle "playchess.com"]
[Source "ChessBase"]
[SourceQuality "1"]

{[%evp 14,101,18,-18,13,0,2,0,14,16,0,5,18,14,26,23,27,14,27,27,27,27,27,20,27,20,23,13,23,27,77,72,366,376,371,356,426,426,447,433,525,344,338,0,518,495,942,734,1090,994,2256,2196,2744,947,889,905,807,791,728,666,29987,29988,29981,2390,5401,1037,892,588,5381,5406,3827,3063,4837,1792,1706,626,626,612,5826,6129,5397,5369,4108,1788,4825,3177,29990,29991,29992,29993]} 1. e4 e6 2. d4 d5 3. Nc3 Bb4 4. e5 Ne7 5. a3 Bxc3+ 6. bxc3 c5 7. Qg4 Kf8 8. h4 {8.a4 is the recent fashion. Played by Jan Krzysztof Duda in October 2020.} b6 {C18: French: 3 Nc3 Bb4: Main line: 7 h4 and 7 Qg4.} 9. h5 {Threatening h6.} h6 $1 10. Qd1 $5 {[%mdl 4] An interesting side line.} Ba6 {The position is equal.} 11. Bxa6 Nxa6 12. a4 Nb8 {[%cal Ba6b8,Bb8c6,Bc6a5,Ba5c4][%mdl 32] [#]} 13. Nf3 $146 ({Predecessor:} 13. dxc5 Qc7 14. Nf3 Nd7 15. cxb6 axb6 16. O-O Nxe5 17. Nxe5 Qxe5 18. Ba3 Qc7 19. Qd4 {0-1 (27) Chojnowski,M (2159)-Grigorchuk,S (2235) Durham 2007}) 13... Nbc6 14. O-O cxd4 15. cxd4 Rc8 16. Ba3 Kg8 17. Qd3 Na5 18. Bb4 Nc4 19. Rfb1 Nf5 20. a5 bxa5 21. Bc5 Qc7 22. Rb5 {White stays focused until the end.} Rb8 $2 {[%mdl 8192]} (22... a6 $16 23. Rbb1 Ne7) 23. Rxb8+ $18 Qxb8 24. g4 Nxd4 25. Bxd4 ({Not} 25. Qxd4 Qc7 $18) 25... a6 26. Kg2 Qd8 27. Qb3 Kh7 28. Qd3+ (28. Kh3 $142) 28... Kg8 29. Rb1 a4 (29... Qc7 $142 30. Kg3 Rh7) 30. Rb7 a3 31. Qb3 Kh7 32. Rxf7 {Qd3+ would kill now.} Rf8 33. Qb7 (33. Qd3+ $142 Kg8 {[#]} 34. Rxg7+ $3 {[%mdl 512]} Kxg7 35. Qg6+ {[%mdl 64] Double Attack} Kh8 36. Qxe6 Rxf3 37. Qxh6+ Kg8 38. Qg6+ Kf8 39. Bc5+ Qe7 40. Bxe7+ Kxe7 41. Qg5+ Ke8 42. Kxf3) 33... Rxf7 34. Qxf7 Qg8 35. Qd7 a2 36. g5 hxg5 37. Nxg5+ Kh6 38. Nxe6 (38. Nf7+ $142 Kxh5 39. Qxe6 Qh7 40. Qh3+ Kg6 41. Nh8+ Qxh8 {[%mdl 64] Remove Defender} 42. Qxh8 Kf7 43. Qd8) 38... g6 39. Nf4 gxh5+ 40. Kh2 Qg4 41. Qxg4 hxg4 42. e6 Kg5 43. Nxd5 (43. e7 $142 Nd6 44. Nxd5) 43... Nd6 44. Ne3 Nb5 45. Be5 {White threatens e7 and mate.} Nc7 46. e7 Ne8 47. Kg3 Kg6 48. Kxg4 Kf7 49. Nf5 Nf6+ 50. Bxf6 {[%mdl 64] [#] Overworked Piece} Kxf6 51. e8=Q {Av CentiPawn Loss W=-193/B=-195. Weighted=-202/-181} 1-0

[Event "Speed Chess Championship 2020"]
[Site "Online"]
[Date "2020.11.08"]
[Round "1.22"]
[White "Abdusattorov, Nodirbek"]
[Black "So, Wesley"]
[Result "0-1"]
[WhiteElo "2662"]
[BlackElo "2816"]
[Annotator "ChessBase"]
[PlyCount "90"]
[EventDate "2020.10.31"]
[EventType "k.o."]
[SourceTitle "playchess.com"]
[Source "ChessBase"]
[SourceQuality "1"]
[TimeControl "60+1"]

1. e4 {[%emt 0:00:01]} e5 {[%emt 0:00:01]} 2. Nf3 {[%emt 0:00:01]} Nc6 {[%emt 0:00:00]} 3. Bb5 {[%emt 0:00:00]} Nf6 {[%emt 0:00:01]} 4. O-O {[%emt 0:00:02]} Nxe4 {[%emt 0:00:01]} 5. Re1 {[%emt 0:00:00]} Nd6 {[%emt 0:00:01]} 6. Nxe5 {[%emt 0:00:01]} Be7 {[%emt 0:00:00]} 7. Bf1 {[%emt 0:00:01]} Nxe5 {[%emt 0:00:01]} 8. Rxe5 {[%emt 0:00:00]} O-O {[%emt 0:00:00]} 9. d4 {[%emt 0:00:01]} Bf6 {[%emt 0:00:01]} 10. Re1 {[%emt 0:00:01]} Re8 {[%emt 0:00:00]} 11. Rxe8+ {[%emt 0:00:00]} Nxe8 {[%emt 0:00:01]} 12. d5 {[%emt 0:00:00]} d6 {[%emt 0:00:01]} 13. Nd2 {[%emt 0:00:01]} Bg5 {[%emt 0:00:02]} 14. a4 {[%emt 0:00:08]} a5 {[%emt 0:00:02]} 15. Ra3 {[%emt 0:00:02]} Bd7 {[%emt 0:00:01]} 16. g3 {[%emt 0:00:05]} Nf6 {[%emt 0:00:04]} 17. Bg2 {[%emt 0:00:02]} Qe8 {[%emt 0:00:07]} 18. c4 {[%emt 0:00:17]} b6 {[%emt 0:00:04]} 19. h3 {[%emt 0:00:02]} h5 {[%emt 0:00:02]} 20. h4 {[%emt 0:00:01]} Bh6 {[%emt 0:00:02]} 21. b3 {[%emt 0:00:01]} Bg4 {[%emt 0:00:01]} 22. Qf1 {[%emt 0:00:03]} Be2 {[%emt 0:00:01]} 23. Qe1 {[%emt 0:00:01]} Bxc4 {[%emt 0:00:01]} 24. Qxe8+ {[%emt 0:00:07]} Rxe8 {[%emt 0:00:00]} 25. Nxc4 {[%emt 0:00:00]} Re1+ {[%emt 0:00:04]} 26. Kh2 {[%emt 0:00:01]} Rxc1 {[%emt 0:00:01]} 27. Ra2 {[%emt 0:00:01]} Ng4+ {[%emt 0:00:01]} 28. Kh3 {[%emt 0:00:01]} Rc3 {[%emt 0:00:05]} 29. Na3 {[%emt 0:00:14]} Rxb3 {[%emt 0:00:07]} 30. Nb5 {[%emt 0:00:00]} f5 {[%emt 0:00:03]} 31. Nxc7 {[%emt 0:00:02]} f4 {[%emt 0:00:01]} 32. Ne6 {[%emt 0:00:01]} f3 {[%emt 0:00:09]} 33. Bh1 {[%emt 0:00:01]} Ne5 {[%emt 0:00:01]} 34. Nd4 {[%emt 0:00:02]} Rb1 {[%emt 0:00:02]} 35. Bxf3 {[%emt 0:00:02]} Rb4 {[%emt 0:00:01]} 36. Nc6 {[%emt 0:00:01]} Nxf3 {[%emt 0:00:01]} 37. Nxb4 {[%emt 0:00:01]} axb4 {[%emt 0:00:00]} 38. Rb2 {[%emt 0:00:01]} Bd2 {[%emt 0:00:01]} 39. Kg2 {[%emt 0:00:10]} Bc3 {[%emt 0:00:00]} 40. Re2 {[%emt 0:00:01]} b3 {[%emt 0:00:05]} 41. Re8+ {[%emt 0:00:00]} Kf7 {[%emt 0:00:02]} 42. Rb8 {[%emt 0:00:00]} b2 {[%emt 0:00:02]} 43. Rxb6 {[%emt 0:00:02]} Nd2 {[%emt 0:00:00]} 44. a5 {[%emt 0:00:03]} b1=Q {[%emt 0:00:02]} 45. Rxb1 {[%emt 0:00:00]} Nxb1 {[%emt 0:00:00]} 0-1

[Event "Speed Chess Championship 2020"]
[Site "Online"]
[Date "2020.11.12"]
[Round "1.22"]
[White "Martirosyan, Haik M."]
[Black "Nakamura, Hikaru"]
[Result "0-1"]
[WhiteElo "2622"]
[BlackElo "2736"]
[Annotator "TA"]
[PlyCount "78"]
[EventDate "2020.10.31"]
[EventType "k.o."]
[SourceTitle "playchess.com"]
[Source "ChessBase"]
[SourceQuality "1"]

{[%evp 9,78,38,50,38,31,45,54,41,45,21,21,-33,-20,-36,-35,-57,-18,-43,-31,-116,-124,-131,-127,-150,-142,-189,-121,-123,-117,-124,-97,-147,-98,-160,-123,-125,-91,-158,-170,-120,0,0,0,0,0,-72,35,-45,-28,-58,0,-794,-817,-744,-722,-1010,-1010,-964,-961,-941,-916,-813,-745,-724,-656,-1147,-1114,-1895,-1718,-1801,-991]} 1. d4 g6 2. Nf3 Bg7 3. g3 d6 4. Bg2 Bd7 5. O-O Qc8 {[#]} 6. e3 $146 {A41: 1 d4 d6: Tartakower System and Modern Defence.} ({Predecessor:} 6. c4 Nc6 7. Nc3 Bh3 8. d5 Ne5 9. Nxe5 Bxe5 10. e4 h5 11. f4 Bxc3 12. bxc3 {0-1 (52) Caruana,F (2802)-Nakamura,H (2786) chess.com INT 2017}) 6... Nc6 7. c4 Bh3 8. Bxh3 {White is slightly better.} Qxh3 9. Ng5 Qd7 10. h4 ({Better is} 10. Bd2 $11) 10... h6 $15 11. Nf3 Qh3 12. Qe2 Nf6 13. Rd1 g5 14. Qf1 (14. Nc3 $15) 14... Qg4 $36 {[%mdl 2048] Black is on the roll.} 15. Nbd2 e5 $1 16. d5 Ne7 17. b3 Ng6 (17... e4 $1 $19 {[%cal Re4f3]} 18. Nh2 Qh5) 18. Nh2 Qd7 19. h5 Nxh5 20. Ba3 Nf6 21. e4 (21. c5 $142) 21... h5 22. c5 h4 23. Qg2 (23. Rac1 $142) 23... hxg3 24. fxg3 Ng4 ({Black should play} 24... Rh3 $17 {...Nh5 is the strong threat.} 25. Nhf1 dxc5 26. Bxc5 b6) 25. Nxg4 $11 Qxg4 26. cxd6 cxd6 (26... Rh3 $5 27. Nf1 $8 (27. dxc7 Rxg3 28. Kf1 Rxg2 29. c8=Q+ Rxc8 30. Re1 Rxd2 31. Re3 Qg2+ 32. Ke1 Qf2#) 27... Bf8 $11) 27. Nc4 {[#]} (27. Nf1 $11) 27... Bf8 (27... Rh3 $1 $17 {[%cal Rh3g3]} 28. Ne3 (28. Bxd6 $2 Rxg3 29. Rd2 Rxg2+ $19) (28. Nxd6+ $2 Kd7 $19) 28... Qxg3 29. Qxg3 Rxg3+ 30. Kf2 Rh3) 28. Bxd6 ({Wrong is} 28. Nxd6+ $2 Kd7 $19) (28. Ne3 $14 Qh3 29. Rf1) 28... Rh3 $1 $15 {[%cal Rh3g3]} 29. Rd3 {White wants to play Bxf8.} ({But not} 29. Bxe5 $2 Bc5+ 30. Kf1 {[#]} Nh4 $1 $19 {[%mdl 512]}) 29... Nf4 ({Black should try} 29... b5 $15 30. Nxe5 Nxe5 31. Bxe5 Bc5+ 32. Kf1 f5) 30. Qf3 $2 {[%mdl 8192] [#]} (30. Nxe5 $2 Ne2+ 31. Kf2 Qh5 $19) (30. gxf4 $11 Qxg2+ 31. Kxg2 Rxd3 32. Bxf8 Kxf8 33. fxg5) 30... Rxg3+ $1 $19 {[%mdl 576] Deflection, Decoy. Black is clearly winning.} 31. Qxg3 Ne2+ {[%mdl 64] Double Attack, Pin, Discovered Attack} 32. Kf2 Nxg3 (32... Qxg3+ $2 {perishes.} 33. Rxg3 Nxg3 34. Kxg3 $18) 33. Rxg3 Qf4+ 34. Rf3 Qh2+ 35. Ke3 g4 36. Bxe5 Qh6+ 37. Rf4 b5 38. Nb2 {[#]} f6 $1 {[%mdl 512]} 39. Bc7 (39. Bxf6 Bc5+) 39... Rc8 {Weighted Error Value: White=0.80/Black=0.21} 0-1